| 000 | 02463namaa2200421uu 4500 | ||
|---|---|---|---|
| 001 | doab135451 | ||
| 003 | oapen | ||
| 005 | 20260218110434.0 | ||
| 006 | m o d | ||
| 007 | cr|mn|---annan | ||
| 008 | 240308s2024 xx |||||o ||| 0|ita d | ||
| 020 | _a0463.1.00 | ||
| 020 | _a9781685711481 | ||
| 024 | 7 |
_a10.53288/0463.1.00 _2doi |
|
| 040 |
_aoapen _coapen _d |
||
| 041 | 0 | _aeng | |
| 041 | 0 | _afre | |
| 041 | 0 | _aita | |
| 042 | _adc | ||
| 720 | 1 |
_aDe Francesco, Alessandro _4aut |
|
| 245 | 0 | 0 |
_aContinuum 2 _bWritings - Scritti - Écrits 2015-2022 |
| 260 |
_aBrooklyn, NY _bpunctum books _c2024 |
||
| 300 | _a1 online resource (337 p.) | ||
| 336 |
_atext _btxt _2rdacontent |
||
| 337 |
_acomputer _bc _2rdamedia |
||
| 338 |
_aonline resource _bcr _2rdacarrier |
||
| 506 | 0 |
_fUnrestricted online access _2star |
|
| 520 | _aThis volume gathers Alessandro De Francesco's essays and theoretical writings produced from 2015 to 2022. It follows the first volume Continuum: Writings on Poetry as Artistic Practice, reuniting essays written between 2007 and 2015. The title of this new volume could only be Continuum 2, given that the underlying concept remains the same: to testify to the seamless continuity of the author's commitment to poetry and art over the years, and to reaffirm at the same time, on a theoretical level, a model of creation and thinking as a continuous flow, not discretized, not quantized, but organic, liquid, without end or beginning; a kind of linguistic translation of the space-time in which every text, like every other object, is necessarily immersed. Continuum 2 is a trilingual book, containing writings in English, French, and Italian, and it is particularly focused on two lines of inquiry: the author's ongoing meditation on the poetic practice, and the first steps of his new investigation into seventeenth-century art, poetry, and forms of thought. | ||
| 540 |
_aCreative Commons _fhttps://creativecommons.org/licenses/by-nc-sa/4.0/ _2cc _uhttps://creativecommons.org/licenses/by-nc-sa/4.0/ |
||
| 546 | _aEnglish | ||
| 546 | _aFrench | ||
| 546 | _aItalian | ||
| 650 | 7 |
_aLiterary studies: poetry & poets _2bicssc |
|
| 650 | 7 |
_aPhilosophy: aesthetics _2bicssc |
|
| 793 | 0 | _aDOAB Library. | |
| 856 |
_uhttps://docs.google.com/spreadsheets/d/1yKIrdCPDAG_9c22mwoOIO2DOhtj65Wqa/edit?usp=sharing&ouid=106555315294820607512&rtpof=true&sd=true _yList of Curated E-Books |
||
| 942 | _cE-BOOK | ||
| 999 |
_c81066 _d81065 |
||